| 000 | 00702nam a2200217 i 4500 | ||
|---|---|---|---|
| 001 | 121868 | ||
| 003 | ES-MaACL | ||
| 005 | 20230906191841.0 | ||
| 007 | t| | ||
| 008 | 070214s1978 sp |||| | spa d | ||
| 100 | 1 |
_aPlunkett, E. R. _992675 |
|
| 245 | 1 | 0 |
_aManual de toxicología industrial / _cE.R. Plunkett ; traducido por Francisco Agustín Maroto Muñoz. |
| 260 |
_aBilbao : _bUrmo, _c1978. |
||
| 300 |
_a559 p. ; _c25 cm. |
||
| 490 | 1 | _aEnciclopedia de la química industrial | |
| 650 | 4 |
_aToxicología. _9136941 |
|
| 700 | 1 |
_aMaroto Muñoz, Francisco Agustín. _976965 |
|
| 830 | 0 |
_aEnciclopedia de la química industrial _9183684 |
|
| 852 |
_aES-MaACL _jL-70 |
||
| 999 |
_c121868 _d121868 |
||